Statistiken für DFB-Pokalsieger

Klicken Sie hier um das Quiz zu spielen!

Allgemein

  • Dieses Quiz wurde 260 mal gespielt
  • Das Durchschnittsergebnis liegt bei 69 aus 80

Antwortstatistiken

SaisonSieger% Korrekt
2016/17Borussia Dortmund
99%
2020/21Borussia Dortmund
99%
1964/65Borussia Dortmund
99%
1988/89Borussia Dortmund
99%
2011/12Borussia Dortmund
99%
1983/84FC Bayern München
98%
2004/05FC Bayern München
98%
1981/82FC Bayern München
98%
1966/67FC Bayern München
98%
1965/66FC Bayern München
98%
1985/86FC Bayern München
98%
1997/98FC Bayern München
98%
1999/00FC Bayern München
98%
2002/03FC Bayern München
98%
1957FC Bayern München
98%
2005/06FC Bayern München
98%
1970/71FC Bayern München
98%
2007/08FC Bayern München
98%
2009/10FC Bayern München
98%
2012/13FC Bayern München
98%
2013/14FC Bayern München
98%
2015/16FC Bayern München
98%
2018/19FC Bayern München
98%
2019/20FC Bayern München
98%
1968/69FC Bayern München
98%
2021/22RB Leipzig
98%
2022/23RB Leipzig
98%
1940Dresdner SC
96%
1941Dresdner SC
96%
1954/55Karlsruher SC
96%
1956Karlsruher SC
96%
1974/75Eintracht Frankfurt
95%
1987/88Eintracht Frankfurt
95%
2017/18Eintracht Frankfurt
95%
1980/81Eintracht Frankfurt
95%
1973/74Eintracht Frankfurt
95%
2001/02FC Schalke 04
94%
1971/72FC Schalke 04
94%
1937FC Schalke 04
94%
2000/01FC Schalke 04
94%
2010/11FC Schalke 04
94%
2014/15VfL Wolfsburg
91%
1990/91Werder Bremen
91%
2008/09Werder Bremen
91%
1961Werder Bremen
91%
1998/99Werder Bremen
91%
1993/94Werder Bremen
91%
2003/04Werder Bremen
91%
1958VfB Stuttgart
89%
1996/97VfB Stuttgart
89%
1953/54VfB Stuttgart
89%
1982/831. FC Köln
85%
1967/681. FC Köln
85%
1977/781. FC Köln
85%
1976/771. FC Köln
85%
2006/071. FC Nürnberg
83%
19391. FC Nürnberg
83%
19351. FC Nürnberg
83%
19621. FC Nürnberg
83%
1936VfB Leipzig
83%
1992/93Bayer 04 Leverkusen
82%
1995/961. FC Kaiserslautern
79%
1989/901. FC Kaiserslautern
79%
1960Borussia M.Gladbach
76%
1963Hamburger SV
75%
1986/87Hamburger SV
75%
1975/76Hamburger SV
75%
1972/73Borussia Mönchengladbach
71%
1994/95Borussia Mönchengladbach
71%
1991/92Hannover 96
71%
1963/64TSV 1860 München
67%
1942TSV 1860 München
67%
1979/80Fortuna Düsseldorf
63%
1978/79Fortuna Düsseldorf
63%
1952/53Rot-Weiss Essen
54%
1959Schwarz-Weiß Essen
54%
1938SK Rapid Wien
50%
1969/70Kickers Offenbach
37%
1984/85Bayer 05 Uerdingen
32%
1943First Vienna FC
27%

Verteilung der Resultate

Perzentil nach korrekt beantworteten Fragen

Anzahl Personen mit jedem Resultat

Ihre Resultats-Entwicklung

Sie haben dieses Quiz noch nicht gespielt